| 000 | 01582nam a2200469 i 4500 | ||
|---|---|---|---|
| 001 | 30474 | ||
| 003 | KOSZ 005 | ||
| 005 | 20201014125311.0 | ||
| 008 | 080729s1965 pl a f |000 0 pol | ||
| 015 | _aUWD 1965/9269 | ||
| 035 | _a991043584219705066 | ||
| 035 | _a(PL-WaBN)b21781175-48omnis_nlop | ||
| 035 | _ab21781175 | ||
| 035 | _a(OCoLC)749435947 | ||
| 035 | _a(PL)b0000002178117 | ||
| 035 | _a(EXLNZ-48OMNIS_NETWORK)9910019923205606 | ||
| 040 |
_aWA N _cWA N _dKOSZ 005/EG |
||
| 041 | _apol | ||
| 046 | _k1964 | ||
| 080 | _a37.018 | ||
| 100 | 1 |
_aOkoń, Wincenty _d(1914-2011) _eAutor |
|
| 245 | 1 | 0 |
_aU podstaw problemowego uczenia się / _cWincenty Okoń. |
| 250 | _aWyd. 2. | ||
| 260 |
_aWarszawa: _bPaństwowe Zakłady Wydawnictw Szkolnych, _c1965. |
||
| 300 |
_a220 s. : _bil. ; _c23 cm. |
||
| 336 |
_aTekst _btxt _2rdacontent |
||
| 337 |
_aBez urządzenia pośredniczącego _bn _2rdamedia |
||
| 338 |
_aWolumin _bnc _2rdacarrier |
||
| 380 | _aKsiążki | ||
| 388 | _a1901-2000 | ||
| 388 | _a1945-1989 | ||
| 490 | 1 |
_aBiblioteka Nauczyciela. B, Treść i Metody Nauczania ; _v1 |
|
| 504 | _aBibliogr. | ||
| 650 | 7 |
_aMetoda problemowa _2DBN |
|
| 650 | 7 |
_aMetody nauczania _2DBN |
|
| 658 | _aEdukacja i pedagogika | ||
| 710 | 2 |
_aPaństwowe Zakłady Wydawnictw Szkolnych _4pbl |
|
| 830 | 0 |
_aBiblioteka Nauczyciela. _nB, _pTreść i Metody Nauczania _v1 |
|
| 856 |
_uhttp://koha.tu.koszalin.pl/cgi-bin/koha/opac-detail.pl?biblionumber=30474 _yKatalog online BPK |
||
| 942 |
_2UKD _cKS |
||
| 999 |
_c30474 _d30474 |
||